<The> Reform of Regional Policy in Ukraine: Problems and Prospects

Guardado en:
Detalles Bibliográficos
Autor principal: Stashuk, Vitalii, 1972-
Formato: Capítulo de libro
Lenguaje:inglés
Materias:
Etiquetas: Agregar Etiqueta
Sin Etiquetas, Sea el primero en etiquetar este registro!

MARC

LEADER 00000nla a2200000 4500
001 0207354
005 20240502073439.9
041 0 |a eng 
044 |a SK 
245 1 0 |a <The> Reform of Regional Policy in Ukraine: Problems and Prospects  |c Vitalii Stashuk 
610 2 0 |a samospráva miestna 
610 2 0 |a samospráva regionálna 
610 2 0 |a vláda 
610 2 0 |a reformy 
610 2 0 |a decentralizácia 
610 2 0 |a Ukrajina 
100 1 |a Stashuk, Vitalii, 1972-